<?xml version="1.0" encoding="UTF-8"?>
<record
    xmlns:xsi="http://www.w3.org/2001/XMLSchema-instance"
    xsi:schemaLocation="http://www.loc.gov/MARC21/slim http://www.loc.gov/standards/marcxml/schema/MARC21slim.xsd"
    xmlns="http://www.loc.gov/MARC21/slim">

  <leader>00820nam a22002057a 4500</leader>
  <controlfield tag="005">20250801103809.0</controlfield>
  <datafield tag="010" ind1=" " ind2=" ">
    <subfield code="a">HIN-130091</subfield>
  </datafield>
  <datafield tag="020" ind1=" " ind2=" ">
    <subfield code="c">425.00</subfield>
    <subfield code="a">9788198230430</subfield>
  </datafield>
  <datafield tag="020" ind1=" " ind2=" ">
    <subfield code="a">9788198230430</subfield>
  </datafield>
  <datafield tag="035" ind1=" " ind2=" ">
    <subfield code="a">HN-102437  </subfield>
  </datafield>
  <datafield tag="037" ind1=" " ind2=" ">
    <subfield code="b">DBAD</subfield>
  </datafield>
  <datafield tag="082" ind1=" " ind2=" ">
    <subfield code="a">&#x915;</subfield>
  </datafield>
  <datafield tag="100" ind1=" " ind2=" ">
    <subfield code="a">&#x92E;&#x94B;&#x939;&#x928;, &#x938;&#x935;&#x93F;&#x924;&#x93E; </subfield>
    <subfield code="9">83556</subfield>
  </datafield>
  <datafield tag="245" ind1=" " ind2=" ">
    <subfield code="a">&#x938;&#x941;&#x92D;&#x93E;&#x937; &#x92A;&#x902;&#x924; &#x938;&#x943;&#x91C;&#x928; &#x914;&#x930; &#x930;&#x91A;&#x928;&#x93E; &#x915;&#x94C;&#x936;&#x932;  / </subfield>
    <subfield code="c">&#x938;&#x935;&#x93F;&#x924;&#x93E; &#x92E;&#x94B;&#x939;&#x928; </subfield>
  </datafield>
  <datafield tag="260" ind1=" " ind2=" ">
    <subfield code="a">&#x90B;&#x937;&#x93F;&#x915;&#x947;&#x936;, &#x926;&#x947;&#x939;&#x930;&#x93E;&#x926;&#x942;&#x928; </subfield>
    <subfield code="b">&#x915;&#x93E;&#x935;&#x94D;&#x92F;&#x93E;&#x902;&#x936; &#x92A;&#x94D;&#x930;&#x915;&#x93E;&#x936;&#x928; </subfield>
  </datafield>
  <datafield tag="270" ind1=" " ind2=" ">
    <subfield code="a">&#x935;&#x936;&#x93F;&#x937;&#x94D;&#x920; &#x938;&#x926;&#x928; , 72 &#x930;&#x947;&#x932;&#x935;&#x947; &#x930;&#x94B;&#x921; &#x90B;&#x937;&#x93F;&#x915;&#x947;&#x936;, &#x926;&#x947;&#x939;&#x930;&#x93E;&#x926;&#x942;&#x928; </subfield>
    <subfield code="b">&#x926;&#x947;&#x939;&#x930;&#x93E;&#x926;&#x942;&#x928; </subfield>
  </datafield>
  <datafield tag="300" ind1=" " ind2=" ">
    <subfield code="a">425&#x92A;&#x943;.</subfield>
    <subfield code="c">22 &#x938;&#x947;&#x92E;&#x940; (&#x905;&#x91C;&#x93F;&#x932;&#x94D;&#x926;)</subfield>
  </datafield>
  <datafield tag="490" ind1=" " ind2=" ">
    <subfield code="v">&#x915;</subfield>
  </datafield>
  <datafield tag="942" ind1=" " ind2=" ">
    <subfield code="2">ddc</subfield>
    <subfield code="c">HN</subfield>
    <subfield code="h">&#x915;</subfield>
    <subfield code="m">&#x92E;&#x94B;&#x939;&#x928;</subfield>
  </datafield>
  <datafield tag="999" ind1=" " ind2=" ">
    <subfield code="c">212770</subfield>
    <subfield code="d">212770</subfield>
  </datafield>
  <datafield tag="952" ind1=" " ind2=" ">
    <subfield code="0">0</subfield>
    <subfield code="1">0</subfield>
    <subfield code="4">0</subfield>
    <subfield code="7">0</subfield>
    <subfield code="8">NFIC</subfield>
    <subfield code="a">ZLS</subfield>
    <subfield code="b">ZLS</subfield>
    <subfield code="d">2025-08-01</subfield>
    <subfield code="e">DBAD</subfield>
    <subfield code="g">425.00</subfield>
    <subfield code="l">0</subfield>
    <subfield code="o">&#x915; &#x92E;&#x94B;&#x939;&#x928;</subfield>
    <subfield code="p">HN-102437</subfield>
    <subfield code="r">2025-08-01 00:00:00</subfield>
    <subfield code="t">1</subfield>
    <subfield code="v">425.00</subfield>
    <subfield code="w">2025-08-01</subfield>
    <subfield code="y">HN</subfield>
  </datafield>
</record>
